00321nam a2200121Ia 4500008004100000041000800041082001200049100001900061245004400080260003500124300003100159365000900190240624s9999 xx 000 0 und d aeng a658 CAP aPRINCE S TRUST aMAKE IT HAPPEN THE PRINCE S TRUST GUIDE c2011aUnited KingdombCapstone axiv, : 224 : p. : cm. ; 20 cb27